|
|
|
|
| LEADER |
00000nab a2200000 a 4500 |
| 001 |
vtls011122414 |
| 003 |
SK-MaSNL |
| 005 |
20260303143850.0 |
| 008 |
230222|2004 xo |||||||||||||||||eng| |
| 015 |
|
|
|a SNBRB
|
| 035 |
|
|
|a (uuid)5eb111ca-40bb-421e-ba97-87e42b1fc6cd
|
| 035 |
|
|
|a (urnnbn)urn:nbn:sk:snk:ar-a08wxd
|
| 035 |
|
|
|a urn:nbn:sk:snk-ab9ugt
|
| 040 |
|
|
|a SNKBUCL
|b slo
|c SNKBUCL
|e AACR2
|
| 041 |
0 |
|
|a eng
|
| 044 |
|
|
|a xo
|c SK
|
| 100 |
1 |
|
|a Rosak, Joanna
|4 aut
|9 403029
|
| 245 |
1 |
0 |
|a ESTIMATION OF ALUMINIUM ALLOYS QUALITY LEVEL
|c Joanna Rosak, Jacek Selejdak
|
| 700 |
1 |
|
|a Selejdak, Jacek
|4 aut
|9 331692
|
| 773 |
0 |
|
|t Materiálové inžinierstvo
|g Roč. 11, č. 5 (2004), s. 9-14
|
| 958 |
|
|
|a OND
|
| 958 |
|
|
|a EUIPO
|
| 958 |
|
|
|a article13
|
| 999 |
|
|
|c 1992811
|d 1994741
|